000 00370nam a2200133Ia 4500
008 220217s9999||||xx |||||||||||||| ||und||
020 _a81-203-1477-8
082 _a621.3827 SHU
100 _aShortwell, R, Allen
245 0 _aIntroduction to fiber optics
260 _aPrentice hall of india
_bNew Delhi
_c2001
300 _b95
650 _aOPTICAL COMMUNICATION
999 _c169489
_d169489